000 00537nas a22002177i 4500
001 6378
003 OSt
005 20170126082355.0
007 tu
008 161220s xxu||||| |||| 00| 0 d
022 _a1612-4804
024 7 _a6378
_2RID
024 7 _a6378
_2RSN (alt)
040 _cOSt
100 1 _aWelfens, Paul J.J.
_eEd.
245 0 0 _aInternational Economics and Economic Policy
260 _aBerlin, Heidelberg :
_bSpringer.
700 1 _aWolf, Holger C.
_eEd.
700 1 _aWolters, Jürgen
_eEd.
866 0 _u2004 1/1 - 2009 6/1
942 _cJ
999 _c5963
_d5963